| 000 | 00434nam a22001577a 4500 | ||
|---|---|---|---|
| 020 | _a9788170202936 | ||
| 082 |
_a294.382 325 _bCOW/J.2 |
||
| 245 |
_aThe Jataka or stories of the Buddha's former births (vol.2)/ _cby Cowell E B (ed.) |
||
| 260 |
_aNewdelhi: _bCosmo Publications, _c2014. |
||
| 300 | _a316p. | ||
| 650 | _aBuddhism | ||
| 650 | _aReligion | ||
| 700 | _aCowell E B (ed.) | ||
| 700 | _aRouse W H D (tr.) | ||
| 942 | _cBK | ||
| 999 |
_c173801 _d173801 |
||